000 00344nam a2200133Ia 4500
008 220216s9999 xx 000 0 und d
100 _aJoykutty P A
245 0 _aRubber: Nottam pole nettam. 1. Thaiyum nadeelum nannayal
260 _bKarshakasree
_c2012
300 _a28-31
650 _aPlanting materials
650 _aRubber
942 _cJS
999 _c68184
_d68184